LIBRARY & INFORMATION CENTRE, KCAET, TAVANUR

ONLINE PUBLIC ACCESS CATALOGUE (OPAC)

Environmental Studies (Record no. 14478)

MARC details
000 -LEADER
fixed length control field 00366nam a22001457a 4500
020 ## - INTERNATIONAL STANDARD BOOK NUMBER
ISBN 9788122416046
082 ## - DEWEY DECIMAL CLASSIFICATION NUMBER
Classification number 628.
Item number ANI/EN
100 ## - MAIN ENTRY--AUTHOR NAME
Personal name Anil Kumar De
100 ## - MAIN ENTRY--AUTHOR NAME
Personal name Arnab Kumar De
245 ## - TITLE STATEMENT
Title Environmental Studies
250 ## - EDITION STATEMENT
Edition statement 2 nd Rev
260 ## - PUBLICATION, DISTRIBUTION, ETC. (IMPRINT)
Place of publication New Delhi
Name of publisher New age International (P) Limited, Publishers
Year of publication 2008
300 ## - PHYSICAL DESCRIPTION
Number of Pages 247
942 ## - ADDED ENTRY ELEMENTS (KOHA)
Koha item type Books
Holdings
Withdrawn status Lost status Damaged status Collection code Home library Current library Shelving location Date acquired Source of acquisition Cost, normal purchase price Full call number Accession Number Koha item type
        KAUAET KAUAET General Stacks 07/07/2016 Aman Book Stall, Calicut 80.00 628. ANI/EN 24955 Books
free website counter